[Event "Swiss Queens Wed #3"]
[Site "FIDE Online Arena INT"]
[Date "2024.02.14"]
[Round "5"]
[White "Babiy, Olga"]
[Black "Chumpitaz Carbajal, Ann"]
[Result "1-0"]
[WhiteElo "2303"]
[BlackElo "2274"]
[PlyCount "67"]
[EventDate "2024.02.14"]
[EventType "swiss (blitz)"]
[EventRounds "11"]
[EventCountry "NET"]
[SourceTitle "CB08_2024"]
[SourceDate "2024.02.21"]
[SourceVersion "1"]
[SourceVersionDate "2024.02.21"]
[SourceQuality "1"]

1. d4 Nf6 2. Nf3 g6 3. Nbd2 d5 4. b4 a5 5. b5 Bg7 6. e3 0-0 7. a4 Re8 8. Bb2 Nbd7 9. c4 c5 10. Qb3 cxd4 11. exd4 dxc4 12. Bxc4 e6 13. 0-0 Nb6 14. Be2 Nfd5 15. Ne4 Nb4 16. Nc3 N6d5 17. Rfd1 Re7 18. Ba3 Rc7 19. Ne4 Bd7 20. Rac1 Rac8 21. Nc5 Be8 22. b6 Rc6 23. Nxb7 Qxb6 24. Nc5 Qb8 25. Bb5 Rd6 26. Bxe8 Rxe8 27. Ne5 f6 28. Nc4 Rdd8 29. Nxa5 Re7 30. Rb1 Ra7 31. Bxb4 Nxb4 32. Nxe6 Rd5 33. Nc4 Rb7 34. Ne3 1-0

[Event "Swiss Queens Wed #3"]
[Site "FIDE Online Arena INT"]
[Date "2024.02.14"]
[Round "4"]
[White "Chumpitaz Carbajal, Ann"]
[Black "Mammadzada, Gunay Vuqar Qizi"]
[Result "0-1"]
[WhiteElo "2274"]
[BlackElo "2449"]
[PlyCount "140"]
[EventDate "2024.02.14"]
[EventType "swiss (blitz)"]
[EventRounds "11"]
[EventCountry "NET"]
[SourceTitle "CB08_2024"]
[SourceDate "2024.02.21"]
[SourceVersion "1"]
[SourceVersionDate "2024.02.21"]
[SourceQuality "1"]

1. e4 c5 2. Nf3 d6 3. d4 cxd4 4. Nxd4 Nf6 5. Nc3 a6 6. h3 Nc6 7. g4 Qb6 8. Nde2 e6 9. Bg2 Ne5 10. 0-0 Be7 11. Be3 Qc7 12. b3 Ng6 13. f4 Nd7 14. a4 Nh4 15. Bh1 b6 16. Qe1 Bb7 17. Qf2 h6 18. Bd4 0-0 19. Rad1 e5 20. Be3 exf4 21. Bxf4 Ne5 22. Qg3 Nhg6 23. Be3 Bh4 24. Qg2 Bg5 25. Bd4 Rac8 26. Ng3 Nf4 27. Qh2 Ne6 28. Bxe5 dxe5 29. Nd5 Qxc2 30. Qxc2 Rxc2 31. Nf5 b5 32. axb5 axb5 33. Bf3 Nf4 34. Nxf4 Bxf4 35. Ne7+ Kh8 36. Nd5 Bg5 37. Rf2 Rfc8 38. Rxc2 Rxc2 39. Kf1 Bh4 40. Be2 Rb2 41. Rd3 Rb1+ 42. Kg2 g6 43. Kf3 b4 44. Ke3 Bg5+ 45. Kf3 Ba6 46. Nc3 Bxd3 47. Nxb1 Bxb1 48. Bc4 Bc2 49. Bxf7 Be7 50. Bxg6 Bxb3 51. Be8 Bd1+ 52. Ke3 Bg5+ 53. Kd3 b3 54. Kc3 Bc1 55. Bf7 b2 56. Ba2 Kg7 57. Bb1 Bf3 58. Kc4 Bg2 59. Kd5 Bxh3 60. g5 hxg5 61. Kxe5 Kh6 62. Kd4 Be6 63. Ke5 Bb3 64. Kf5 Kh5 65. e5 Kh4 66. e6 Ba4 67. e7 g4 68. Ke4 g3 69. Kf3 Kh3 70. Be4 Kh2 0-1

[Event "Swiss Queens Wed #3"]
[Site "FIDE Online Arena INT"]
[Date "2024.02.14"]
[Round "2"]
[White "Chumpitaz Carbajal, Ann"]
[Black "Osmak, Iulija"]
[Result "1-0"]
[WhiteElo "2274"]
[BlackElo "2452"]
[PlyCount "101"]
[EventDate "2024.02.14"]
[EventType "swiss (blitz)"]
[EventRounds "11"]
[EventCountry "NET"]
[SourceTitle "CB08_2024"]
[SourceDate "2024.02.21"]
[SourceVersion "1"]
[SourceVersionDate "2024.02.21"]
[SourceQuality "1"]

1. e4 e5 2. Nf3 Nc6 3. Bc4 Nf6 4. d3 Be7 5. h3 0-0 6. Nc3 d6 7. a4 Kh8 8. Be3 Be6 9. Qd2 d5 10. exd5 Nxd5 11. Nxd5 Bxd5 12. Bxd5 Qxd5 13. 0-0 Rad8 14. Qe2 f5 15. Rfe1 Bf6 16. Bd2 Rfe8 17. Bc3 Qf7 18. Nd2 Nd4 19. Bxd4 Rxd4 20. Nf3 Rdd8 21. Qe3 b6 22. a5 e4 23. dxe4 Rxe4 24. Qa3 Rde8 25. axb6 axb6 26. c3 h6 27. Qa7 Qe7 28. Rf1 Re2 29. Rab1 g5 30. Qb7 g4 31. hxg4 fxg4 32. Nh2 h5 33. Qd5 Qe5 34. Qd7 Re7 35. Qd8+ Kg7 36. Qd3 Qe4 37. Qxe4 R7xe4 38. Rfd1 Rc2 39. Rd7+ Kg6 40. Rxc7 Ree2 41. Kh1 Rxf2 42. Rg1 Rxb2 43. Rc6 Kg5 44. Nf1 Be5 45. Ne3 Bf4 46. Nd5 h4 47. Rc8 h3 48. Rg8+ Kf5 49. Rf8+ Ke5 50. Nxf4 Rxf4 51. Re1+ 1-0

[Event "Swiss Queens Wed #1"]
[Site "FIDE Online Arena INT"]
[Date "2024.01.31"]
[Round "1"]
[White "Kaliakhmet, Elnaz"]
[Black "Chumpitaz Carbajal, Ann"]
[Result "1-0"]
[WhiteElo "2000"]
[BlackElo "2274"]
[PlyCount "111"]
[EventDate "2024.01.31"]
[EventType "swiss (blitz)"]
[EventRounds "11"]
[EventCountry "NET"]
[SourceTitle "CB06_2024"]
[SourceDate "2024.02.07"]
[SourceVersion "1"]
[SourceVersionDate "2024.02.07"]
[SourceQuality "1"]

1. d4 Nf6 2. c4 c5 3. d5 b5 4. cxb5 a6 5. e3 e6 6. dxe6 fxe6 7. Nc3 d5 8. Nf3 Bd6 9. a4 0-0 10. Be2 Bb7 11. 0-0 Kh8 12. Qc2 e5 13. Rd1 d4 14. exd4 exd4 15. Nb1 Be4 16. Qb3 Ng4 17. Nbd2 Bg6 18. Nf1 Qc7 19. h3 Nf6 20. Bg5 Nbd7 21. Rac1 axb5 22. axb5 Qb8 23. Bxf6 Nxf6 24. Bc4 Ne4 25. Bd5 Ra7 26. N1d2 Nf6 27. Bc6 Re7 28. Nc4 Bc7 29. b6 Bf4 30. Ra1 Ne4 31. Re1 Qd8 32. Ra8 Qxa8 33. Bxa8 Rxa8 34. b7 Rb8 35. Na5 Rc7 36. Qb6 h6 37. Qa7 Rf7 38. Qb6 Kh7 39. g3 Bd6 40. Rxe4 Bxe4 41. Qxd6 Bxf3 42. Qxb8 Re7 43. Kh2 d3 44. Qd6 Bxb7 45. Nxb7 Rxb7 46. Qxd3+ Kh8 47. Qd8+ Kh7 48. Qd2 Rf7 49. Qc2+ Kh8 50. Kg2 Rc7 51. Qc4 Kh7 52. b4 Kg6 53. bxc5 Kf6 54. Qd5 Rc8 55. Qd6+ Kf5 56. Qd7+ 1-0

[Event "Olympiad Women-44"]
[Site "Chennai"]
[Date "2022.08.02"]
[Round "5.2"]
[White "Chumpitaz Carbajal, Ann"]
[Black "Krush, Irina"]
[Result "1-0"]
[WhiteElo "2278"]
[BlackElo "2430"]
[PlyCount "47"]
[EventDate "2022.07.29"]
[EventType "team-swiss"]
[EventRounds "11"]
[EventCountry "IND"]
[SourceTitle "CBM 210"]
[Source "ChessBase"]
[SourceDate "2022.10.31"]
[SourceVersion "1"]
[SourceVersionDate "2022.10.31"]
[SourceQuality "1"]
[WhiteTeam "Peru (W)"]
[BlackTeam "United States (W)"]
[WhiteTeamCountry "PER"]
[BlackTeamCountry "USA"]

1. e4 c5 2. Nf3 d6 3. d4 cxd4 4. Nxd4 Nf6 5. Nc3 Bd7 6. Bg5 e6 7. Qd3 a6 8. f4 Nc6 9. 0-0-0 b5 10. e5 dxe5 11. Nxc6 Bxc6 12. Qg3 Qa5 13. fxe5 b4 14. exf6 bxc3 15. Bc4 Rg8 16. Bf4 Ba3 17. Bc7 Bxb2+ 18. Kb1 Qb4 19. Bb3 a5 20. Rd6 a4 21. Rhd1 gxf6 22. Qxg8+ Ke7 23. Rxe6+ fxe6 24. Qxe6+ 1-0

[Event "Valencia Cuna op 3rd"]
[Site "Valencia"]
[Date "2022.07.16"]
[Round "8"]
[White "Escalante Ramirez, Brian Sebastian"]
[Black "Chumpitaz Carbajal, Ann"]
[Result "1-0"]
[WhiteElo "2496"]
[BlackElo "2278"]
[PlyCount "110"]
[EventDate "2022.07.11"]
[EventType "swiss"]
[EventRounds "9"]
[EventCountry "ESP"]
[SourceTitle "CBM 209 Extra"]
[Source "ChessBase"]
[SourceDate "2022.09.30"]
[SourceVersion "1"]
[SourceVersionDate "2022.09.30"]
[SourceQuality "1"]

1. e4 c5 2. Nf3 e6 3. d4 cxd4 4. Nxd4 Nc6 5. Nc3 Nf6 6. a3 d5 7. Bb5 Bd7 8. exd5 Nxd4 9. Bxd7+ Qxd7 10. Qxd4 Be7 11. Bg5 h6 12. Bh4 0-0 13. 0-0-0 Nxd5 14. Nxd5 exd5 15. Bxe7 Qxe7 16. Qxd5 Rac8 17. Kb1 Rc6 18. g3 Rfc8 19. Rd2 a6 20. Rhd1 b5 21. c3 Rc5 22. Qf3 R5c7 23. Rd6 a5 24. Qd3 Rc5 25. Rd8+ Rxd8 26. Qxd8+ Qxd8 27. Rxd8+ Kh7 28. Rd4 Kg6 29. a4 bxa4 30. Ka2 Rh5 31. Rh4 Rf5 32. Rg4+ Kh7 33. Rf4 Rh5 34. h4 f6 35. Rxa4 Kg6 36. Rf4 Kf7 37. b4 axb4 38. cxb4 Rd5 39. Kb3 g5 40. hxg5 hxg5 41. Rc4 Ke6 42. Rc6+ Ke7 43. Rc2 Kd6 44. Ka4 f5 45. b5 Rd1 46. b6 Rb1 47. Ka5 Rb3 48. Ka6 f4 49. gxf4 gxf4 50. b7 Ra3+ 51. Kb6 Rb3+ 52. Ka7 Ra3+ 53. Kb8 Rh3 54. Ra2 Kc6 55. Ka8 Kd5 1-0

[Event "Valencia Cuna op 3rd"]
[Site "Valencia"]
[Date "2022.07.15"]
[Round "7"]
[White "Chumpitaz Carbajal, Ann"]
[Black "Mirzoev, Azer"]
[Result "0-1"]
[WhiteElo "2278"]
[BlackElo "2424"]
[PlyCount "110"]
[EventDate "2022.07.11"]
[EventType "swiss"]
[EventRounds "9"]
[EventCountry "ESP"]
[SourceTitle "CBM 209 Extra"]
[Source "ChessBase"]
[SourceDate "2022.09.30"]
[SourceVersion "1"]
[SourceVersionDate "2022.09.30"]
[SourceQuality "1"]

1. e4 e5 2. Nf3 Nc6 3. Bc4 Bc5 4. d4 Bxd4 5. Nxd4 Nxd4 6. Be3 Ne6 7. Bxe6 dxe6 8. Qh5 Qf6 9. Na3 Bd7 10. 0-0-0 Ne7 11. Qe2 Bc6 12. h4 h6 13. f3 a6 14. Qf2 Nc8 15. Nc4 Bb5 16. Qd2 0-0 17. Qc3 Nb6 18. Nxb6 cxb6 19. Bxb6 Rfc8 20. Qa3 Qf4+ 21. Qe3 Rc6 22. Qxf4 exf4 23. Bd4 f6 24. e5 f5 25. b3 Rd8 26. Kb2 Rcc8 27. Bb6 Rxd1 28. Rxd1 Kf7 29. Rd4 g5 30. c4 Bc6 31. hxg5 hxg5 32. Bd8 Kg6 33. Bf6 Kh5 34. Kc3 Rg8 35. a4 Kh4 36. Kb4 Kg3 37. Rd2 g4 38. Kc5 gxf3 39. gxf3 Kxf3 40. Kd6 Ke3 41. Rh2 f3 42. Bh4 Rg2 43. Rh3 Kf4 44. Rh1 Kg4 45. Kxe6 f2 46. Bxf2 Rxf2 47. Rg1+ Rg2 48. Rf1 f4 49. Kd6 Rd2+ 50. Kc7 Rb2 51. e6 Rxb3 52. e7 Re3 53. Kd8 f3 54. a5 Kg3 55. Rg1+ Kf2 0-1

[Event "Valencia Cuna op 3rd"]
[Site "Valencia"]
[Date "2022.07.13"]
[Round "4"]
[White "Chumpitaz Carbajal, Ann"]
[Black "Valmana Canto, Jaime"]
[Result "0-1"]
[WhiteElo "2278"]
[BlackElo "2406"]
[PlyCount "152"]
[EventDate "2022.07.11"]
[EventType "swiss"]
[EventRounds "9"]
[EventCountry "ESP"]
[SourceTitle "CBM 209 Extra"]
[Source "ChessBase"]
[SourceDate "2022.09.30"]
[SourceVersion "1"]
[SourceVersionDate "2022.09.30"]
[SourceQuality "1"]

1. d4 c5 2. d5 e5 3. c4 d6 4. Nc3 Be7 5. e4 Nf6 6. Bd3 Nbd7 7. Nge2 h5 8. f3 h4 9. Be3 Nf8 10. Qd2 Ng6 11. 0-0-0 a6 12. Kb1 Bd7 13. Ka1 Qa5 14. Nb1 Qxd2 15. Bxd2 Nh7 16. b4 b6 17. bxc5 bxc5 18. Nbc3 Bg5 19. h3 Bxd2 20. Rxd2 Nf6 21. Rb1 Rh5 22. Nd1 Rg5 23. Ne3 Nh5 24. Ng4 Nhf4 25. Nc1 Rh5 26. Rb6 Ke7 27. Rb7 Kd8 28. Rdb2 Ne7 29. Bf1 Bc8 30. R7b6 Kc7 31. a3 Ra7 32. Rb8 Rh8 33. Nd3 Nxd3 34. Bxd3 Rd8 35. Ne3 Bd7 36. Rxd8 Kxd8 37. Rb8+ Bc8 38. Bc2 Kc7 39. Rb1 Bd7 40. Rf1 Ng6 41. Rf2 Rb7 42. Rd2 Kd8 43. Bd1 Nf4 44. Ka2 Ke7 45. Rb2 Rxb2+ 46. Kxb2 Kf6 47. Kc3 Kg5 48. Kd2 Nxg2 49. Nxg2 Bxh3 50. Ne3 Kf4 51. Ke2 Kg3 52. Ba4 Bc8 53. Be8 h3 54. Bxf7 h2 55. Nf1+ Kg2 56. Nxh2 Kxh2 57. Be6 Bb7 58. Kf2 g5 59. Bd7 a5 60. Bc6 Bc8 61. Be8 Kh3 62. Bc6 g4 63. fxg4 Kxg4 64. Ke3 Kg3 65. Ba4 Kg2 66. Bd1 Kf1 67. Bh5 Ke1 68. Be8 Kd1 69. Kd3 Bh3 70. Bh5+ Ke1 71. Bf7 Kf2 72. Be6 Bf1+ 73. Kc3 Ke3 74. Kb3 Kxe4 75. Ka4 Bxc4 76. Kxa5 Bxd5 0-1

[Event "Menorca op 1st"]
[Site "Ciutadella de Menorca"]
[Date "2022.04.23"]
[Round "6"]
[White "Sadhwani, Raunak"]
[Black "Chumpitaz Carbajal, Ann"]
[Result "1-0"]
[WhiteElo "2628"]
[BlackElo "2244"]
[PlyCount "53"]
[EventDate "2022.04.20"]
[EventType "swiss"]
[EventRounds "7"]
[EventCountry "ESP"]
[SourceTitle "CBM 207 Extra"]
[Source "ChessBase"]
[SourceDate "2022.05.31"]
[SourceVersion "1"]
[SourceVersionDate "2022.05.31"]
[SourceQuality "1"]

1. d4 Nf6 2. c4 e6 3. Nc3 d5 4. cxd5 exd5 5. Bg5 Be7 6. e3 c6 7. Bd3 Nbd7 8. Qc2 0-0 9. Nge2 h6 10. Bh4 Ng4 11. Bxe7 Qxe7 12. h3 Ngf6 13. 0-0-0 Re8 14. g4 Ne4 15. Bxe4 dxe4 16. h4 Nf8 17. Rdg1 Nh7 18. Nf4 g6 19. Kb1 Bd7 20. Qb3 Qd6 21. g5 hxg5 22. hxg5 Be6 23. Qc2 Bf5 24. Ka1 Qe7 25. f3 Kg7 26. Rxh7+ Kxh7 27. Qh2+ 1-0

[Event "Titled Tuesday intern op 09th Feb"]
[Site "Chess.com INT"]
[Date "2021.02.09"]
[Round "11"]
[White "Chumpitaz Carbajal, Ann"]
[Black "Obregon, Carlos Andres"]
[Result "1-0"]
[WhiteElo "2244"]
[BlackElo "2525"]
[PlyCount "87"]
[EventDate "2021.02.09"]
[EventType "swiss (blitz)"]
[EventRounds "11"]
[EventCountry "USA"]
[SourceTitle "EXT 2022"]
[Source "ChessBase"]
[SourceDate "2021.10.06"]
[SourceVersion "1"]
[SourceVersionDate "2021.10.06"]
[SourceQuality "1"]

1. d4 g6 2. Bf4 Bg7 3. Nc3 d6 4. e4 Nd7 5. Qd2 e5 6. dxe5 dxe5 7. Be3 h6 8. f3 Ngf6 9. 0-0-0 c6 10. Nh3 Qe7 11. g4 h5 12. Nf2 hxg4 13. Nxg4 Nxg4 14. fxg4 0-0 15. h4 Nf6 16. g5 Ng4 17. Be2 Nxe3 18. Qxe3 Rd8 19. h5 Rxd1+ 20. Nxd1 Be6 21. hxg6 fxg6 22. Nc3 Rf8 23. Qxa7 Qxg5+ 24. Kb1 b5 25. a3 Qd8 26. Rd1 Qe8 27. Qc5 Rf7 28. b3 Rd7 29. Rg1 Bf7 30. Kb2 Bf8 31. Qe3 Qe7 32. b4 Rd4 33. Rf1 Bg7 34. Bd3 Rxb4+ 35. axb4 Qxb4+ 36. Kc1 Qxc3 37. Kd1 Be6 38. Qg5 Bf7 39. Qd8+ Bf8 40. Qf6 Qa1+ 41. Ke2 Qa2 42. Qxc6 Be7 43. Qxb5 Bd6 44. Rxf7 1-0

[Event "Titled Tuesday intern op 09th Feb"]
[Site "Chess.com INT"]
[Date "2021.02.09"]
[Round "10"]
[White "Chumpitaz Carbajal, Ann"]
[Black "Ozer, Omer Faruk"]
[Result "1-0"]
[WhiteElo "2244"]
[BlackElo "2317"]
[PlyCount "181"]
[EventDate "2021.02.09"]
[EventType "swiss (blitz)"]
[EventRounds "11"]
[EventCountry "USA"]
[SourceTitle "EXT 2022"]
[Source "ChessBase"]
[SourceDate "2021.10.06"]
[SourceVersion "1"]
[SourceVersionDate "2021.10.06"]
[SourceQuality "1"]

1. d4 d5 2. Bf4 g6 3. h4 h6 4. e3 Bg7 5. Nd2 c5 6. c3 Nc6 7. dxc5 e5 8. Bh2 Nf6 9. Bb5 Ng4 10. Bg3 0-0 11. Ngf3 Qe7 12. 0-0 f5 13. b4 Be6 14. Nh2 Nxh2 15. Bxh2 Bf7 16. Nf3 g5 17. hxg5 hxg5 18. Qc2 g4 19. Ne1 Bg6 20. f3 Qg5 21. f4 Qh4 22. Qf2 Qxf2+ 23. Kxf2 exf4 24. Bxf4 Bxc3 25. Rc1 Bxb4 26. Nd3 a5 27. Bd6 Rfe8 28. Nf4 Bf7 29. Rfd1 d4 30. exd4 Re4 31. d5 Ne5 32. Ne6 f4 33. Ng5 g3+ 34. Kf1 Re3 35. Nxf7 Kxf7 36. Rd4 Ng6 37. Bd7 Kf6 38. Bxf4 Nxf4 39. Rxf4+ Kg5 40. Rf5+ Kg6 41. Rf3 Rxf3+ 42. gxf3 Kg5 43. Kg2 Kf4 44. Rc4+ Ke5 45. Kxg3 Kxd5 46. Rf4 Bxc5 47. Rf5+ Kd6 48. a4 Rg8+ 49. Kf4 b6 50. Rf7 Bb4 51. Ke4 Rg5 52. f4 Rg1 53. Bb5 Re1+ 54. Kf5 Bd2 55. Rd7+ Kc5 56. Rxd2 Re7 57. Rc2+ Kd4 58. Rc6 Rf7+ 59. Rf6 Rc7 60. Rxb6 Rc5+ 61. Kf6 Rc1 62. f5 Rf1 63. Rd6+ Kc5 64. Re6 Rf2 65. Kg6 Rg2+ 66. Kf7 Rf2 67. f6 Rf4 68. Rc6+ Kd5 69. Kg7 Rg4+ 70. Kf8 Rf4 71. f7 Kd4 72. Re6 Kc3 73. Ke7 Rh4 74. f8Q Rh7+ 75. Qf7 Rxf7+ 76. Kxf7 Kb4 77. Ra6 Ka3 78. Rxa5 Kb2 79. Ra8 Kc3 80. Re8 Kb4 81. Re2 Ka5 82. Ke6 Kb6 83. Be8 Ka5 84. Bh5 Kb6 85. Kd5 Ka5 86. Kc6 Kxa4 87. Rb2 Ka3 88. Rb8 Ka4 89. Kc5 Ka3 90. Kc4 Ka4 91. Ra8# 1-0

[Event "Titled Tuesday intern op 15st Dec"]
[Site "Chess.com INT"]
[Date "2020.12.15"]
[Round "2"]
[White "Lopez Rueda, Juan Pablo"]
[Black "Chumpitaz Carbajal, Ann"]
[Result "0-1"]
[WhiteElo "1884"]
[BlackElo "2244"]
[PlyCount "40"]
[EventDate "2020.12.15"]
[EventType "swiss (blitz)"]
[EventRounds "11"]
[EventCountry "USA"]
[SourceTitle "CBM 199 Extra"]
[Source "ChessBase"]
[SourceDate "2021.01.31"]
[SourceVersion "1"]
[SourceVersionDate "2021.01.31"]
[SourceQuality "1"]

1. e4 c5 2. Nf3 d6 3. d4 cxd4 4. Nxd4 Nf6 5. Nc3 Nc6 6. Be3 e5 7. Nb3 Be7 8. Be2 0-0 9. 0-0 Be6 10. Bf3 h6 11. Nd5 a6 12. c3 Rc8 13. h3 b5 14. a3 Re8 15. Bb6 Qd7 16. Na5 Nxa5 17. Bxa5 Bxd5 18. exd5 Bd8 19. Bxd8 Qxd8 20. Be4 Nxe4 0-1

[Event "Titled Tuesday intern op 15st Dec"]
[Site "Chess.com INT"]
[Date "2020.12.15"]
[Round "4"]
[White "Rengifo Blancas, Renzo Jhonathan"]
[Black "Chumpitaz Carbajal, Ann"]
[Result "1/2-1/2"]
[WhiteElo "2131"]
[BlackElo "2244"]
[PlyCount "112"]
[EventDate "2020.12.15"]
[EventType "swiss (blitz)"]
[EventRounds "11"]
[EventCountry "USA"]
[SourceTitle "CBM 199 Extra"]
[Source "ChessBase"]
[SourceDate "2021.01.31"]
[SourceVersion "1"]
[SourceVersionDate "2021.01.31"]
[SourceQuality "1"]

1. e4 c5 2. Nc3 e6 3. f4 d5 4. Bb5+ Bd7 5. Qe2 d4 6. Na4 Nc6 7. b3 a6 8. Bxc6 Bxc6 9. Nb2 Nf6 10. d3 Be7 11. Nf3 0-0 12. Ne5 Qc7 13. g4 Nd7 14. Nbc4 b5 15. Nxd7 Bxd7 16. Ne5 f6 17. Nf3 Bc6 18. Bd2 Bd6 19. f5 exf5 20. gxf5 Bf4 21. 0-0-0 a5 22. Kb2 a4 23. Rdg1 Bxd2 24. Qxd2 axb3 25. axb3 Ra7 26. Ra1 Rfa8 27. Rhb1 Qb6 28. Qe1 Be8 29. Rxa7 Qxa7 30. Ra1 Qb7 31. Rxa8 Qxa8 32. Qa1 Qxa1+ 33. Kxa1 Kf7 34. Kb2 g6 35. Nh4 Bc6 36. Kc1 b4 37. Kd2 Kg7 38. Ke2 Kh6 39. fxg6 hxg6 40. Nf3 Kh5 41. Kf2 g5 42. Kg3 Bb7 43. h3 Kg6 44. Nh2 Bc8 45. Nf1 Kf7 46. Nd2 Ke6 47. Nc4 Ba6 48. Na5 Bb5 49. Nb7 Ke5 50. Nxc5 f5 51. exf5 Kxf5 52. Ne4 Bd7 53. Nd6+ Ke5 54. Ne4 Kf5 55. Nd6+ Ke5 56. Ne4 Kf5 1/2-1/2

[Event "Titled Tuesday intern op 01st Dec"]
[Site "Chess.com INT"]
[Date "2020.12.01"]
[Round "10"]
[White "Petrova, Irina"]
[Black "Chumpitaz Carbajal, Ann"]
[Result "1-0"]
[WhiteElo "2077"]
[BlackElo "2244"]
[PlyCount "55"]
[EventDate "2020.12.01"]
[EventType "swiss (blitz)"]
[EventRounds "11"]
[EventCountry "USA"]
[SourceTitle "CBM 199 Extra"]
[Source "ChessBase"]
[SourceDate "2021.01.31"]
[SourceVersion "1"]
[SourceVersionDate "2021.01.31"]
[SourceQuality "1"]

1. e4 c5 2. Nf3 d6 3. Bb5+ Bd7 4. Bxd7+ Qxd7 5. d4 cxd4 6. Nxd4 Nf6 7. f3 Nc6 8. c4 g6 9. Nc3 Bg7 10. Be3 0-0 11. Rc1 a5 12. 0-0 Rfc8 13. b3 h5 14. Qd2 Bh8 15. Rfd1 Nxd4 16. Bxd4 Qc6 17. Nd5 Nxd5 18. cxd5 Qd7 19. Bxh8 Kxh8 20. Rxc8+ Qxc8 21. Rc1 Qd7 22. Rc4 a4 23. Qc3+ Kg8 24. Rc7 Qb5 25. Rxe7 axb3 26. axb3 Qe2 27. h3 Ra2 28. Re8+ 1-0

[Event "Titled Tuesday intern op 17th Nov"]
[Site "Chess.com INT"]
[Date "2020.11.17"]
[Round "4"]
[White "Buchenau, Frank"]
[Black "Chumpitaz Carbajal, Ann"]
[Result "0-1"]
[WhiteElo "2317"]
[BlackElo "2244"]
[PlyCount "76"]
[EventDate "2020.11.17"]
[EventType "swiss (blitz)"]
[EventRounds "11"]
[EventCountry "USA"]
[SourceTitle "CBM 199 Extra"]
[Source "ChessBase"]
[SourceDate "2021.01.31"]
[SourceVersion "1"]
[SourceVersionDate "2021.01.31"]
[SourceQuality "1"]

1. e4 c5 2. Nf3 d6 3. Bb5+ Bd7 4. Bxd7+ Qxd7 5. c4 Nc6 6. d4 cxd4 7. Nxd4 Nf6 8. Nc3 g6 9. f3 Bg7 10. Be3 0-0 11. 0-0 Rac8 12. b3 Rfd8 13. Qd3 a6 14. Rac1 Nxd4 15. Bxd4 e6 16. Rfd1 Rc6 17. Be3 Qc7 18. e5 Ne8 19. Bf4 Bf8 20. Ne4 d5 21. c5 Ra8 22. Nd6 Rxc5 23. Rxc5 Qxc5+ 24. Be3 Qa5 25. Nxb7 Qb4 26. Nd6 Nxd6 27. exd6 Qxd6 28. Rc1 e5 29. Bc5 Qc6 30. b4 d4 31. Re1 Bxc5 32. Rc1 Qb5 33. Qxb5 axb5 34. bxc5 Kf8 35. c6 Ke7 36. Rc5 Kd6 37. Rxb5 Rxa2 38. c7 Rc2 0-1

[Event "Titled Tuesday intern op 17th Nov"]
[Site "Chess.com INT"]
[Date "2020.11.17"]
[Round "6"]
[White "Chumpitaz Carbajal, Ann"]
[Black "Saulina, Varvara"]
[Result "1-0"]
[WhiteElo "2244"]
[BlackElo "2240"]
[PlyCount "73"]
[EventDate "2020.11.17"]
[EventType "swiss (blitz)"]
[EventRounds "11"]
[EventCountry "USA"]
[SourceTitle "CBM 199 Extra"]
[Source "ChessBase"]
[SourceDate "2021.01.31"]
[SourceVersion "1"]
[SourceVersionDate "2021.01.31"]
[SourceQuality "1"]

1. e4 c5 2. Nf3 d6 3. d4 cxd4 4. Nxd4 Nf6 5. Nc3 a6 6. Bg5 Nbd7 7. Qd2 e6 8. 0-0-0 Be7 9. f4 Qc7 10. Kb1 b5 11. a3 Bb7 12. Qe3 h6 13. Bxf6 Bxf6 14. Bxb5 0-0 15. Bxd7 Qxd7 16. g4 Rab8 17. g5 hxg5 18. fxg5 Be5 19. h4 Rfc8 20. h5 a5 21. g6 Ba6 22. b3 a4 23. b4 Rc4 24. Nde2 Qc6 25. h6 fxg6 26. hxg7 Bxg7 27. Qh3 Rcxb4+ 28. axb4 Rxb4+ 29. Kc1 Bxe2 30. Qxe6+ Kf8 31. Rhf1+ Bxf1 32. Rxf1+ Bf6 33. Rxf6+ Kg7 34. Rxg6+ Kh7 35. Rh6+ Kg7 36. Qf6+ Kg8 37. Rh8# 1-0

[Event "Titled Tuesday intern op 17th Nov"]
[Site "Chess.com INT"]
[Date "2020.11.17"]
[Round "10"]
[White "Trichkov, Vasil"]
[Black "Chumpitaz Carbajal, Ann"]
[Result "1-0"]
[WhiteElo "2302"]
[BlackElo "2244"]
[PlyCount "91"]
[EventDate "2020.11.17"]
[EventType "swiss (blitz)"]
[EventRounds "11"]
[EventCountry "USA"]
[SourceTitle "CBM 199 Extra"]
[Source "ChessBase"]
[SourceDate "2021.01.31"]
[SourceVersion "1"]
[SourceVersionDate "2021.01.31"]
[SourceQuality "1"]

1. d4 Nf6 2. Nf3 g6 3. c4 Bg7 4. g3 d6 5. Bg2 0-0 6. Nc3 Nc6 7. d5 Na5 8. Nd2 c5 9. Qc2 a6 10. b3 Rb8 11. Bb2 b5 12. Rb1 b4 13. Nce4 Bf5 14. Nxf6+ Bxf6 15. e4 Bxb2 16. Qxb2 Bg4 17. h3 Bd7 18. 0-0 Nb7 19. e5 dxe5 20. Qxe5 Nd6 21. Rbe1 Re8 22. g4 a5 23. Re3 a4 24. Rfe1 axb3 25. axb3 Ra8 26. Qg5 Ra2 27. Ne4 Nxe4 28. Rxe4 e6 29. Qe3 Qc7 30. Re5 Qd6 31. dxe6 Bxe6 32. Rxc5 Rb2 33. Re5 Rb8 34. Bd5 Bxd5 35. Rxd5 Qf6 36. c5 Qc3 37. Rd3 Qf6 38. Red1 Rc8 39. Rd6 Qc3 40. Rd8+ Rxd8 41. Rxd8+ Kg7 42. Qd4+ Qxd4 43. Rxd4 Rxb3 44. c6 Rc3 45. Rxb4 Rb3 46. Rxb3 1-0

[Event "Titled Tuesday intern op 03rd Nov"]
[Site "Chess.com INT"]
[Date "2020.11.03"]
[Round "3"]
[White "Chumpitaz Carbajal, Ann"]
[Black "Jumabayev, Rinat"]
[Result "0-1"]
[WhiteElo "2244"]
[BlackElo "2654"]
[PlyCount "46"]
[EventDate "2020.11.03"]
[EventType "swiss (blitz)"]
[EventRounds "11"]
[EventCountry "USA"]
[SourceTitle "CBM 199 Extra"]
[Source "ChessBase"]
[SourceDate "2021.01.31"]
[SourceVersion "1"]
[SourceVersionDate "2021.01.31"]
[SourceQuality "1"]

1. c4 e5 2. Nc3 Nf6 3. e3 d5 4. cxd5 Nxd5 5. Nge2 Nc6 6. g3 Ndb4 7. d4 exd4 8. exd4 Bf5 9. Bg2 Nc2+ 10. Kf1 Nxa1 11. Bf4 Nc2 12. d5 Bc5 13. dxc6 Qxd1+ 14. Nxd1 0-0-0 15. cxb7+ Kb8 16. Ndc3 Rhe8 17. Bf3 Bh3+ 18. Bg2 Rxe2 19. Kxe2 Bxg2 20. Rd1 Rxd1 21. Kxd1 Nd4 22. Kd2 Kxb7 23. Nd5 Bxd5 0-1

[Event "Titled Tuesday intern op 13th Oct"]
[Site "Chess.com INT"]
[Date "2020.10.13"]
[Round "8"]
[White "Chumpitaz Carbajal, Ann"]
[Black "Diaz Villagran, Robert"]
[Result "1-0"]
[WhiteElo "2244"]
[BlackElo "2305"]
[PlyCount "121"]
[EventDate "2020.10.13"]
[EventType "swiss (blitz)"]
[EventRounds "10"]
[EventCountry "USA"]
[SourceTitle "CBM 198 Extra"]
[Source "ChessBase"]
[SourceDate "2020.11.30"]
[SourceVersion "1"]
[SourceVersionDate "2020.11.30"]
[SourceQuality "1"]

1. e4 e6 2. d4 d5 3. e5 c5 4. c3 Qb6 5. Nf3 Nc6 6. a3 c4 7. Be2 Na5 8. Nbd2 Bd7 9. 0-0 Ne7 10. Re1 Nc8 11. Rb1 Qc7 12. Qc2 Nb6 13. Nf1 Ba4 14. Qd2 Be7 15. Bd1 0-0-0 16. Bxa4 Nxa4 17. Qd1 Nb3 18. Bg5 h6 19. Bxe7 Qxe7 20. N1d2 Nxd2 21. Nxd2 Qd7 22. Qc2 Kb8 23. b3 cxb3 24. Qxb3 Nb6 25. a4 Qxa4 26. Qb2 Rd7 27. Ra1 Qc6 28. Reb1 Rc8 29. Qa3 a6 30. Nb3 Nc4 31. Qa2 b6 32. Qxa6 Rb7 33. h3 Kc7 34. Qa2 Rbb8 35. Qc2 Ra8 36. Qh7 Rg8 37. Qd3 Rxa1 38. Rxa1 Ra8 39. Rxa8 Qxa8 40. Nd2 Qa1+ 41. Kh2 Qd1 42. Qf3 Qxd2 43. Qxf7+ Kb8 44. Qe8+ Kb7 45. Qd7+ Ka6 46. Qxe6 Qxc3 47. Qxd5 Nd2 48. Qa2+ Kb5 49. Qd5+ Kb4 50. Qd6+ Kc4 51. Qc6+ Kd3 52. Qxb6 Nf1+ 53. Kg1 Nd2 54. d5 Qc1+ 55. Kh2 Nf1+ 56. Kg1 Ng3+ 57. Kh2 Ne2 58. Qe3+ Qxe3 59. fxe3 Nc3 60. d6 Nd5 61. d7 1-0